| 000 | 00733nam a22001815i 4500 | ||
|---|---|---|---|
| 001 | 164808 | ||
| 003 | ES-MaACL | ||
| 005 | 20230906213018.0 | ||
| 008 | 050809s1865 fr | |||||||| ||fre d | ||
| 040 |
_aCAM _bspa _cCAM |
||
| 100 | 1 |
_aSardou, Victorien. _9103800 |
|
| 245 | 1 | 4 |
_aLes vieux garçons _b: comédie en cinq actes, en prose / _cpar Victorien Sardou. |
| 250 | _a4e éd. | ||
| 260 |
_aParis : _bMichel Lévy frères libraires éditeurs, _c1865 ( _fImprimerie de J. Claye) |
||
| 300 |
_a173 p. ; _c19 cm. |
||
| 500 | _aReprésentée pour la première fois á Paris, sur le théatre du Gymnase, le 21 janvier 1865. | ||
| 852 |
_aES-MaACL _jT-729-F-3 _z-- Enc. hol. conservando la cub. original _z-- Enc. en un vol. facticio |
||
| 999 |
_c164808 _d164808 |
||